|
|
|
|
| LEADER |
00000nam a2200000 a 4500 |
| 001 |
UCN2918 |
| 003 |
CL-VaPUC |
| 008 |
010615e19490000UK |||||||||||||||||eng|d |
| 082 |
0 |
4 |
|a 782.0092
|b BRO
|2 21
|
| 100 |
0 |
|
|a Brook, Donald
|e author
|9 459199
|
| 245 |
1 |
0 |
|a Singers of today
|
| 300 |
|
|
|a 226 p
|
| 942 |
|
|
|c BK
|
| 945 |
|
|
|d 20010615 00:00:00
|a crobeson
|
| 260 |
|
|
|a Londres
|b Rockliff
|c 1949
|
| 650 |
|
7 |
|a CANTANTES
|2 CL-VaPUC
|9 416288
|
| 650 |
|
7 |
|a BIBLIOBIOGRAFIAS
|2 CL-VaPUC
|9 456893
|
| 650 |
|
0 |
|a Música contemporánea
|9 306742
|
| 583 |
|
|
|a last modification
|c 20010615 00:00:00
|k Rodrigo Vera
|
| 999 |
|
|
|c 295934
|d 295932
|